000
00301nam a22001217a 4500
040
_c
HS
082
_a
301
100
_a
នុត សាឡន
245
_a
វិធីសាស្ត្រស្រាវជា្រវ
260
_a
RUA
_b
នុត សាឡន
_c
2011
300
_a
47p;
942
_c
KB
999
_c
9750
_d
9750